| 000 | 01367nam a22002777a 4500 | ||
|---|---|---|---|
| 999 |
_c100592 _d100592 |
||
| 005 | 20190917104815.0 | ||
| 010 | _a1617CH-EN B-706477 | ||
| 020 |
_a9780143334255 _c199.00 |
||
| 035 | _aB-641430-455 | ||
| 035 | _aB-667390 | ||
| 035 | _aB-706477 | ||
| 035 | _aB-730004 | ||
| 037 |
_aDPL _bAakar/ven |
||
| 037 | _bGift | ||
| 082 | _aS | ||
| 100 | _aMurty, Sudha | ||
| 245 |
_aThe bird with golden wings: _cby Sudha Murty; illustrated by Ajanta Guhathakurta _bstories of wit and magic / |
||
| 260 |
_aGurgaon _bPenguin Books _c2016 |
||
| 270 |
_a7th Floor, Infinity Tower C, DLF Cyber City, _bGurgaon _e122002 |
||
| 300 |
_a126p. _c20cm(pbk) |
||
| 942 |
_2ddc _cCH _mMUR _hS |
||